000 00973nam a2200241Ia 4500
003 OSt
005 20220923211834.0
006 a|||||r|||| 00| 0
007 ta
008 220922b |||||||| |||| 00| 0 hin d
024 _a59,527
037 _cTextual
040 _aARTS
_cARTS
_bhin
041 _2hin
_ahin
082 _aQ2:4, 152K5;L5.1-.5(RR)
100 _aकाणे, पाण्डुरण्ड वामन; कश्यप, अर्जुन चौबे, अनु.
_9161573
245 0 _aधर्मशास्त्र का इतिहास
246 _aDharmashāstra kā itihāsa
260 _aलखन्ऊ
_b हिन्दी भवन प्रकाशन
_c1973
650 _aधर्मशास्त्र
942 _hQ2:4, 152K5;L5.1-.5(RR)
_cTEXL
_2CC
999 _c304064
_d304064